00600 2200229 4500001002100000005001500021008004100036020001800077035001900095041000700114082001000121090001400131100002500145700001600170700002000186700002100206245004700227260003400274300003200308500001100340650001900351INLIS00000000000235220241224112525241224||||||||| | ||| |||| || |  a979-1073-53-8 0010-1224002352 aid0 a612.6 a612.6 HAN0 aWiryawan Permadi Dkk0 aDanny Halim0 aTono Djuwantono0 aHarris Herlianto00aHanya 7 Hari Memahami Fertilisasi In Vitro aBandungbRefika Aditamac2008 aiv, 66 hlm. : ilus. ; 25 cm aCet. 1 0aILMU KESEHATAN